1698 1881 1667 1650 1358 1534 1166 1972 1781 1900 1546 1779 1248 1935 1006 1507 1128 1445 1659 1945 1607 1529 1037 1446 1919 1226 1061 1966 1612 1549 1591 1323 1444 1515 1864 1120 1938 1243 1148 1792 1034 1531 1022 1405 1397 1253 1010 1708 1344 1557 1681 1679 1325 1593 1612 1541 1403 1742 1570 1059 1100 1956 1889 1565 1886 1441 1798 1185 1043 1598 1163 1302 1211 1992 1190 1749 1363 1402 1368 1484 1087 1821 1046 1009 1786 1745 1746 1516 1090 1739 1558 1571 1192 1172 1940 1815 1583 1913 1643 BCNSPRNW ULIB Ver.6.0+V

เปลี่ยนเป็นภาษาไทย

Change to English
 แสดงรายละเอียดบรรณานุกรม
  กลับหน้าหลัก

Brief Record : Get Marc (ISO 2709) : E-mail record : QR code < ปิดหน้าต่าง
LEADER : 00000nam 2200000uu 4500
001    13399120146
003     ULIB
008    120905s2555||||th 000 0 tha d
020    ^a9745068713(ล.2)
020    ^a9789745068711(ล.2)
060 04 ^aWY100^bอ253ค ล2
100 0  ^aอภิญญา เพียรพิจารณ์
245 10 ^aคู่มือปฏิบัติการพยาบาล ^nเล่ม 2 /^cอภิญญา เพียรพิจารณ์
250    ^aพิมพ์ครั้งที่ 4
260    ^aนนทบุรี :^bโครงการสวัสดิการวิชาการ สถาบันพระบรมราชชนก,^c2555
300    ^a291 หน้า :^bภาพประกอบ
504    ^aมีบรรณานุกรมและดัชนี
650  7 ^aการพยาบาล^vคู่มือ
710 2  ^aสถาบันพระบรมราชชนก. ^bโครงการสวัสดิการวิชาการ
945    ^p270^l0^i032696
945    ^p270^l0^i032697
945    ^p270^l0^i032698
945    ^p270^l0^i032699
945    ^p270^l0^i032700
995    ^aทศพร
999    ^aทศพร
รายการนี้ยังไม่มีแท็ก
คุณยังไม่ได้ล็อกอิน คุณสามารถมีกิจกรรมร่วมกับเว็บไซต์ได้ แต่ต้องล็อกอินก่อน ::
  ล็อกอิน

รายการสื่อสารสนเทศ

ลำดับที่ ประเภท เลขเรียก/บาร์โค้ด สถานที่ สถานะ
1. วิทยาศาสตร์การแพทย์ และสุขภาพ
หนังสือสำรอง
สถานะ=หนังสือสำรอง
WY100 อ253ค ล2 ฉ.1 
  Barcode: 032696
ห้องสมุดวิทยาเขตสวรรค์ประชารักษ์
►ส่วนจัดเก็บหนังสือเก่า สปร
บนชั้น
  ขอยืม
2. วิทยาศาสตร์การแพทย์ และสุขภาพ
วิทยาศาสตร์การแพทย์ และสุขภาพ
WY100 อ253ค ล2 ฉ.4 
  Barcode: 032699
ห้องสมุดวิทยาเขตสวรรค์ประชารักษ์
►ส่วนจัดเก็บหนังสือเก่า สปร
บนชั้น
  ขอยืม
3. วิทยาศาสตร์การแพทย์ และสุขภาพ
วิทยาศาสตร์การแพทย์ และสุขภาพ
WY100 อ253ค ล2 ฉ.5 
  Barcode: 032700
ห้องสมุดวิทยาเขตสวรรค์ประชารักษ์
►ส่วนจัดเก็บหนังสือเก่า สปร
บนชั้น
  ขอยืม

รายการใกล้เคียง
    ผู้แต่ง [อภิญญา เพียรพิจารณ์]

BibComment


ยังไม่เคยถูกคอมเมนท์

คอมเมนท์ทรัพยากรรายการนี้
  คอมเมนท์: คู่มือปฏิบัติการ..


 Copyright 2026. Bcnsprnw @Library